Stále úspešný Armagedon

Bibliographic Details
Main Author: Matejovičová, Stanislava (Author)
Format: Article
Language:Slovak
ISSN:1335-7786
Subjects:

MARC

LEADER 00000nab a2200000 a 4500
001 vtls000875198
003 SK-MaSNL
005 20260303194606.0
008 131021c2004 xo 0 slo
015 |a SNBRB2004/06-17610 
035 |a CLN000226750 
040 |a SNKBUCL  |b slo  |c SNKBUCL  |e AACR2 
041 0 |a slo 
044 |a xo  |c SK 
080 |a 792.2  |x (048)  |2 1997 
100 1 |a Matejovičová, Stanislava  |4 aut  |9 357902 
245 1 0 |a Stále úspešný Armagedon  |c Stanislava Matejovičová 
600 1 7 |a Sloboda, Rudolf,  |d 1938-1995  |t Armagedon na Grbe  |2 snkbucl  |9 121824 
610 2 7 |a Divadlo Astorka Korzo '90  |2 snkbucl  |9 212052 
655 7 |a recenzie  |2 snkbucl  |9 21907 
773 0 |t Slovenské pohľady  |g Roč. 4+120, č. 5 (2004), s. 145-148  |x 1335-7786 
850 |a Slovenská národná knižnica v Martine 
852 |a SNK  |b KIS3GCP 
958 |a RC 
999 |c 2158488  |d 2160418